000 00615nam a2200253Ia 4500
008 160321s9999||||xx |||||||||||||| ||und||
040 _cEnglish
082 _aXI.B Apte
082 _bBORI-17672
100 _aD. G. Apte
245 _aSocial Education At A Glance
300 _a15
300 _cC
300 _ePaperback
530 _u00053027.pdf
563 _aStudy
600 _aD. G. Apte
630 _aSocial Education At A Glance
650 _a"Social History,Culture"
650 _aGeneral Indology
700 _aD. G. Apte
730 _aSocial Education At A Glance
942 _cBOOK
999 _c1358330
_d1358327